Slumdog Millionaire - Saurez-Vous Répondre aux Questions ? - Statistiques

Statistiques générales
  • Ce quiz a été pris 110 fois
  • Le résultat moyen est 5 sur 9
Statistiques - réponses
Question Réponse % Correct
Dans le chef-d’œuvre d'Alexandre Dumas "Les Trois Mousquetaires", deux des mousquetaires se nomment Athos et Porthos. Comment s'appelle le troisième mousquetaire ? A : Aramis
80%
Sur l'emblème national de l'Inde, on peut voir trois lions ; quelle est la devise qui figure au-dessous ? A : Seule la vérité triomphe
79%
Qui est l'inventeur du revolver ? A : Samuel Colt
77%
Dans les représentations du dieu Rāma, que tient-il traditionnellement dans sa main droite ? D : Un arc et une flèche
71%
Dans quelle ville se trouve le Cambridge Circus ? D : Londres
52%
Sur le billet de 100 dollars figure le portrait de quel célèbre homme d'État américain ? C : Benjamin Franklin
50%
Qui était la vedette du grand succès cinématographique de 1973 Zanjeer ? A : Amitabh Bachchan
45%
La chanson Darshan Do Ghanshyam est l'œuvre d'un grand poète indien ; comment s'appelle ce poète ? A : Surdas
43%
Quel joueur de cricket a marqué le plus grand nombre de "centaines" en match officiel ? D : Jack Hobbs
38%
Aucun quiz correspondant
Distribution des résultats
% des personnes avec chaque résultat
Percentile par nombre de réponses
Votre historique - résultats
Vous n’avez pas pris ce quiz